000 00340nam a2200133 i 4500
001 bg
100 1 _aKAPCINSKIJ, I. M.
245 0 _aDinamika častic v linejnych rezonansnych uskoriteljach /
_cI.M. Kapčinskij.
260 _aMoskva,
_c1969.
040 _cBPK
041 _apol
942 _cKS
008 s pl f |000 0 pol
999 _c12720
_d12720
856 _uhttp://koha.tu.koszalin.pl/cgi-bin/koha/opac-detail.pl?biblionumber=12720
_yKatalog online BPK